00869 2200301 4500001002100000005001500021035002000036007000300056040001600059100002800075245008300103250001200186300004400198020001800242041000800260082000800268084001400276090002100290264004600311336002100357337003000378338002300408650004000431850001000471008004100481990002700522990001800549INLIS00000000000463820260524075437 a0010-0122000270ta aSPBUPDbind0 aNabil ThawilePengarang1 aRahasia Sehat Ala Rasulullah :bBelajar Hidup Sehat Melalui Hadits-hadist Nabi a.-Cet.1 axvi, 128 hal. :billus. ;c13,5x20,5 cm a979-1234-31-0 aind a209 a209 NAB r a209.4 MUH p 2-12 a.--jakarta :bMirqat Media Grafika,c2007 2rdacontentaTeks 2rdamediaaTanpa Perantara 2rdacarrieravolume 4aHidup Sehat berdasarkan Hadits Nabi aPUPAD260524 0  a10539/BR/KAPD-PDG 2009 a10728/BR/KAPD